000 00420nam a2200157Ia 4500
005 20260417150921.0
008 260417s9999||||xx |||||||||||||| ||und||
020 _a9781447360476
041 _aeng
100 _aTorres/Donnelly
245 0 _aCritical gerontology for social workers
260 _bCambridge, Cambridge,
_c2022
650 _aMedia & Communication
856 _u10.46692/9781447360476
942 _cE-BOOK
999 _c50687
_d50687